[Event "Novokuznetsk Kustov op"]
[Site "Novokuznetsk"]
[Date "2014.10.25"]
[Round "8"]
[White "Amzorov, Anatoliy"]
[Black "Popov, Yury"]
[Result "0-1"]
[WhiteElo "2093"]
[BlackElo "2024"]
[PlyCount "134"]
[EventDate "2014.09.28"]
[EventType "swiss"]
[EventRounds "9"]
[EventCountry "RUS"]
[SourceTitle "EXT 2018"]
[Source "ChessBase"]
[SourceDate "2017.10.13"]
[SourceVersion "1"]
[SourceVersionDate "2017.10.13"]
[SourceQuality "1"]

1. e4 c6 2. d4 d5 3. Nc3 dxe4 4. Nxe4 Bf5 5. Ng3 Bg6 6. Nf3 h6 7. Ne5 Bh7 8. Bc4 e6 9. 0-0 Nd7 10. c3 Nxe5 11. dxe5 Qc7 12. Qe2 Ne7 13. Bf4 Nd5 14. Bxd5 cxd5 15. Rac1 Rc8 16. b3 Ba3 17. Rcd1 Qxc3 18. Nh5 0-0 19. Qg4 Bg6 20. Rfe1 Kh7 21. Re3 Bxh5 22. Qxh5 Qc2 23. Red3 Bc5 24. R1d2 Qc1+ 25. Qd1 Bb4 26. Qxc1 Rxc1+ 27. Rd1 Rc2 28. a4 Rfc8 29. Be3 a5 30. Bd4 g5 31. g4 Bc5 32. Rf3 Kg7 33. Bxc5 R8xc5 34. Rdd3 Re2 35. Rde3 Rxe3 36. Rxe3 d4 37. Rd3 Rc3 38. Rxd4 Rxb3 39. Rd7 Rb4 40. h3 Rxa4 41. Rxb7 Rb4 42. Ra7 Rb5 43. Kg2 Rxe5 44. Kg3 Kg6 45. Ra8 h5 46. Rg8+ Kh7 47. Rf8 Kg7 48. Ra8 h4+ 49. Kf3 Rc5 50. Ke4 Kf6 51. Ra7 Rc4+ 52. Kf3 a4 53. Kg2 Rf4 54. Ra5 e5 55. Ra6+ Ke7 56. f3 Kd7 57. Kf2 Kc7 58. Ke3 Kb7 59. Ra5 f6 60. Rd5 Kb6 61. Rd3 Kb5 62. Rd8 Kb4 63. Rb8+ Kc3 64. Rb6 a3 65. Ra6 Kb3 66. Rb6+ Rb4 67. Ra6 a2 0-1

[Event "Novokuznetsk Kustov op"]
[Site "Novokuznetsk"]
[Date "2014.10.18"]
[Round "6"]
[White "Kolesnikov, Oleg"]
[Black "Amzorov, Anatoliy"]
[Result "1-0"]
[WhiteElo "1953"]
[BlackElo "2093"]
[PlyCount "105"]
[EventDate "2014.09.28"]
[EventType "swiss"]
[EventRounds "9"]
[EventCountry "RUS"]
[SourceTitle "EXT 2018"]
[Source "ChessBase"]
[SourceDate "2017.10.13"]
[SourceVersion "1"]
[SourceVersionDate "2017.10.13"]
[SourceQuality "1"]

1. c4 f5 2. d4 Nf6 3. Nc3 e6 4. Bg5 Be7 5. e3 0-0 6. Bd3 d5 7. Nge2 c6 8. 0-0 Ne4 9. Bxe7 Qxe7 10. Bxe4 fxe4 11. c5 Nd7 12. Ng3 Qg5 13. Nce2 e5 14. Rc1 Rf6 15. dxe5 Nxe5 16. Nf4 Bg4 17. Qc2 Raf8 18. h3 Bc8 19. Qe2 Rh6 20. Rfd1 Qh4 21. Qf1 g5 22. Nxd5 cxd5 23. Rxd5 Ng4 24. Qc4 Be6 25. Qxe4 Nxf2 26. Qe5 Nxh3+ 27. gxh3 Qxh3 28. Rd2 Rf3 29. Rd8+ Kf7 30. Rd7+ Ke8 31. Qb8+ Kxd7 32. Qxb7+ Ke8 33. Qa8+ Ke7 34. Qb7+ Bd7 35. Qe4+ Kd8 36. Qxf3 Qh2+ 37. Kf1 Bb5+ 38. Ke1 Qg1+ 39. Nf1 Bxf1 40. Qf8+ Kc7 41. Qg7+ Kb8 42. Qf8+ Kc7 43. Qg7+ Kc6 44. Qxh6+ Kb5 45. Qf6 Bc4+ 46. Kd2 Qg2+ 47. Kc3 Qe2 48. Qd4 Be6 49. a4+ Kc6 50. Qd6+ Kb7 51. c6+ Kb6 52. c7+ Kb7 53. Qxe6 1-0

[Event "Novokuznetsk Kustov op"]
[Site "Novokuznetsk"]
[Date "2014.10.05"]
[Round "3"]
[White "Vorobyova, Alyona"]
[Black "Amzorov, Anatoliy"]
[Result "1-0"]
[WhiteElo "1948"]
[BlackElo "2093"]
[PlyCount "139"]
[EventDate "2014.09.28"]
[EventType "swiss"]
[EventRounds "9"]
[EventCountry "RUS"]
[SourceTitle "EXT 2018"]
[Source "ChessBase"]
[SourceDate "2017.10.13"]
[SourceVersion "1"]
[SourceVersionDate "2017.10.13"]
[SourceQuality "1"]

1. e4 e5 2. Nc3 Nc6 3. Bc4 Nf6 4. d3 Na5 5. Bb3 Be7 6. f4 Nxb3 7. axb3 exf4 8. Bxf4 d6 9. Nf3 Nh5 10. Be3 Bg4 11. 0-0 c6 12. Qd2 a6 13. Qf2 0-0 14. Ne2 f5 15. e5 f4 16. Bb6 Qd7 17. Nc3 d5 18. Na4 Rae8 19. d4 g5 20. Bc5 Rf7 21. e6 Qxe6 22. Rfe1 Qf6 23. Ne5 Bxc5 24. Nxc5 Bf5 25. Nxf7 Rxe1+ 26. Rxe1 Kxf7 27. c3 b6 28. Nxa6 g4 29. Qe2 Ng7 30. Nb4 Qg5 31. Nxc6 Be4 32. Ne5+ Kf6 33. Qxg4 Qxg4 34. Nxg4+ Kf5 35. Ne5 Ne6 36. h3 h5 37. Nd7 b5 38. Nc5 Ng5 39. Kf2 h4 40. Ra1 f3 41. gxf3 Bxf3 42. Ra8 Bh1 43. Rf8+ Kg6 44. Kg1 Bf3 45. Kh2 Bd1 46. Rd8 Bf3 47. Rh8 Bh5 48. Rg8+ Kf5 49. Rf8+ Kg6 50. Kg2 Bd1 51. Rf1 Bc2 52. Rf4 Bf5 53. Rxh4 Kg7 54. Rh5 Kg6 55. Rh8 Kg7 56. Rb8 Bxh3+ 57. Kf2 Bg4 58. Rxb5 Kf6 59. Rb8 Nf7 60. b4 Ke7 61. Rb7+ Ke8 62. Kg3 Bf5 63. Kf4 Bh3 64. Rxf7 Kxf7 65. Ke5 Bg2 66. Kd6 Ke8 67. Kc7 Bf1 68. Kc6 Bg2 69. b5 Kd8 70. b6 1-0

[Event "Novokuznetsk op"]
[Site "Novokuznetsk"]
[Date "2008.11.23"]
[Round "2"]
[White "Amzorov, Anatoliy"]
[Black "Vorobyova, Alyona"]
[Result "1-0"]
[WhiteElo "2146"]
[BlackElo "1890"]
[PlyCount "57"]
[EventDate "2008.11.22"]
[EventType "swiss"]
[EventRounds "9"]
[EventCountry "RUS"]
[SourceTitle "CBM 127 Extra"]
[Source "ChessBase"]
[SourceDate "2009.01.08"]
[SourceVersion "2"]
[SourceVersionDate "2009.01.28"]
[SourceQuality "1"]

1. d4 d5 2. e3 e6 3. Bd3 Nf6 4. Ne2 Bd6 5. Ng3 b6 6. 0-0 Bb7 7. f4 Nc6 8. c3 Qe7 9. a4 h5 10. Qf3 h4 11. Ne2 h3 12. g4 Rh4 13. g5 Ng4 14. Qg3 Qxg5 15. fxg5 Bxg3 16. hxg3 Rh8 17. Rf4 f5 18. gxf6 Nxf6 19. Rh4 0-0-0 20. Nf4 g5 21. Rxh8 Rxh8 22. Ng6 Rh6 23. b4 h2+ 24. Kh1 Ng4 25. Ra2 e5 26. Bf5+ Kd8 27. Bxg4 Rxg6 28. Rxh2 Rf6 29. Kg2 1-0